<?xml version="1.0" encoding="UTF-8"?><?xml-stylesheet type="text/xsl" href="static/style.xsl"?><OAI-PMH xmlns="http://www.openarchives.org/OAI/2.0/" xmlns:xsi="http://www.w3.org/2001/XMLSchema-instance" xsi:schemaLocation="http://www.openarchives.org/OAI/2.0/ http://www.openarchives.org/OAI/2.0/OAI-PMH.xsd"><responseDate>2026-04-18T04:07:20Z</responseDate><request verb="GetRecord" identifier="oai:www.recercat.cat:10256/18519" metadataPrefix="marc">https://recercat.cat/oai/request</request><GetRecord><record><header><identifier>oai:recercat.cat:10256/18519</identifier><datestamp>2024-10-29T20:42:59Z</datestamp><setSpec>com_2072_452955</setSpec><setSpec>com_2072_2054</setSpec><setSpec>col_2072_453077</setSpec></header><metadata><record xmlns="http://www.loc.gov/MARC21/slim" xmlns:dcterms="http://purl.org/dc/terms/" xmlns:xsi="http://www.w3.org/2001/XMLSchema-instance" xmlns:doc="http://www.lyncode.com/xoai" xsi:schemaLocation="http://www.loc.gov/MARC21/slim http://www.loc.gov/standards/marcxml/schema/MARC21slim.xsd">
   <leader>00925njm 22002777a 4500</leader>
   <datafield ind2=" " ind1=" " tag="042">
      <subfield code="a">dc</subfield>
   </datafield>
   <datafield ind2=" " ind1=" " tag="720">
      <subfield code="a">Sergienko, Natalia</subfield>
      <subfield code="e">author</subfield>
   </datafield>
   <datafield ind2=" " ind1=" " tag="720">
      <subfield code="a">Radjenovic, Jelena</subfield>
      <subfield code="e">author</subfield>
   </datafield>
   <datafield ind2=" " ind1=" " tag="260">
      <subfield code="c">2020-06-15</subfield>
   </datafield>
   <datafield ind2=" " ind1=" " tag="520">
      <subfield code="a">Sulfide and its removal is a major concern in wastewater treatment as it represents a threat to human health and the structural integrity of the water distribution system. In this study, we demonstrated for the first time an exceptional performance of manganese oxide-coated graphite felt (GF-MnxOy) electrodes for selective sulfide oxidation to sulfur. Oxidation state, loading, morphology and crystallinity of MnxOy coating was tuned using electrodeposition synthesis method to enable an efficient and selective sulfide oxidation to sulfur. Excellent (electro)catalytic activity of GF-MnxOy yielded up to 25-fold increase in sulfide removal rates compared to pristine GF, both in the open circuit (OC, no applied potential) and under anodic polarization at 0.4 V vs Standard Hydrogen Electrode (SHE). Although anodic polarization did not further enhance sulfide oxidation rate compared to OC, it enabled a continuous re-oxidation of the reduced MnxOy coating after its reaction with sulfide. Thus, restoring of the catalytic properties of MnxOy coating enabled higher sulfide removal rates compared with the OC experiment. The formed elemental sulfur remained at the surface of GF-MnxOy leading to a gradual electrode passivation. The deposited sulfur was successfully dissolved by reversing the polarity of the GF-MnxOy electrode to -0.8 V vs SHE. However, full electrode recovery and restoring of the initial sulfide removal rates could not be achieved as cathodic polarization at -0.8 V vs SHE during longer time (>3 hours) required to remove S0 also caused a partial dissolution of the MnxOy coating. (Electro)catalytic sulfide removal was somewhat decreased in real sewage (2.42 ± 0.02 h-1 vs 0.93 ± 0.15 h-1 in NaNO3 supporting electrolyte and real sewage, respectively). The selectivity of the process towards deposition of elemental sulfur was decreased in real sewage due to partial production of colloidal sulfur, which was presumably caused by diffusion limitation imposed by presence of other ions. Due to lesser extend of GF-Mn2O3 electrode passivation in real sewage, sulfide removal rates remained stable over six subsequent application cycles. In summary, MnxOy-based electrodes demonstrated exceptional (electro)catalytic activity and selectivity for sulfide oxidation to sulfur and thus its complete separation from water. Upscaling of the proposed electrochemical system and its application for the treatment of complex wastewater streams requires further efforts to maintain the selectivity towards deposited sulfur as a final product and allow its complete recovery</subfield>
   </datafield>
   <datafield ind2=" " ind1=" " tag="520">
      <subfield code="a">The authors would like to acknowledge ERC Starting Grant project&#xd;
ELECTRON4WATER (Three-dimensional nanoelectrochemical systems&#xd;
based on low-cost reduced graphene oxide: the next generation of water&#xd;
treatment systems), project number 714177</subfield>
   </datafield>
   <datafield ind2=" " ind1=" " tag="520">
      <subfield code="a">6</subfield>
   </datafield>
   <datafield tag="653" ind2=" " ind1=" ">
      <subfield code="a">Electrocatàlisi</subfield>
   </datafield>
   <datafield tag="653" ind2=" " ind1=" ">
      <subfield code="a">Electrocatalysis</subfield>
   </datafield>
   <datafield tag="653" ind2=" " ind1=" ">
      <subfield code="a">Catàlisi heterogènia</subfield>
   </datafield>
   <datafield tag="653" ind2=" " ind1=" ">
      <subfield code="a">Heterogeneous catalysis</subfield>
   </datafield>
   <datafield tag="653" ind2=" " ind1=" ">
      <subfield code="a">Òxids de manganès</subfield>
   </datafield>
   <datafield tag="653" ind2=" " ind1=" ">
      <subfield code="a">Manganese oxides</subfield>
   </datafield>
   <datafield tag="653" ind2=" " ind1=" ">
      <subfield code="a">Sulfurs -- Oxidació</subfield>
   </datafield>
   <datafield tag="653" ind2=" " ind1=" ">
      <subfield code="a">Sulfides -- Oxidation</subfield>
   </datafield>
   <datafield tag="653" ind2=" " ind1=" ">
      <subfield code="a">Aigües residuals -- Eliminació</subfield>
   </datafield>
   <datafield tag="653" ind2=" " ind1=" ">
      <subfield code="a">Sewage disposal</subfield>
   </datafield>
   <datafield tag="653" ind2=" " ind1=" ">
      <subfield code="a">Aigües residuals -- Depuració -- Oxidació</subfield>
   </datafield>
   <datafield tag="653" ind2=" " ind1=" ">
      <subfield code="a">Sewage -- Purification -- Oxidation</subfield>
   </datafield>
   <datafield ind2="0" ind1="0" tag="245">
      <subfield code="a">Manganese oxide-based porous electrodes for rapid and selective (electro)catalytic removal and recovery of sulfide from wastewater</subfield>
   </datafield>
</record></metadata></record></GetRecord></OAI-PMH>